| 000 | 00428nam a2200181Ia 4500 | ||
|---|---|---|---|
| 001 | 760 | ||
| 005 | 20260306140541.0 | ||
| 008 | 260306t2016||||xx |||||||||||||| ||spa|| | ||
| 041 | _aESP | ||
| 082 |
_a160 _bL94 |
||
| 100 |
_aLozano González, Mario Alberto _eAUT |
||
| 245 | 0 | _aManual de lógica elemental | |
| 260 | _c2016 | ||
| 300 |
_a349 páginas : _c24 cm. |
||
| 650 | _aGEN | ||
| 654 | _aCHU | ||
| 942 |
_cLIB _dJUS _fJUS _2ddc _n |
||
| 999 |
_c760 _d760 |
||